00373nam a2200145Ia 450000500170000000800410001703700130005804000200007104100130009108400180010410000140012224500480013626000340018430000090021820250326125809.0250326s9999 xx 000 0 und d aTextbook aFMSLbengcFMSL aeng2eng aX:8a N7qFMSL aSethi N K 0aBiblography of Indian managementcSethi N K aBombaybBombay, Popularc1967 a116p